| 000 | 01014pam a2200277 a 4500 | ||
|---|---|---|---|
| 999 |
_c342650 _d342650 |
||
| 001 | 2013865 | ||
| 003 | NUST | ||
| 005 | 20180112092931.0 | ||
| 008 | 910313s1991 nyua 000 0 eng | ||
| 010 | _a 91012759 | ||
| 020 |
_a0823018261 : _c$12.95 |
||
| 040 |
_aDLC _cDLC _dDLC |
||
| 041 | 1 |
_aeng _hspa |
|
| 050 | 0 | 0 |
_aND1500 _b.P2913 1991 |
| 082 | 0 | 0 |
_a751.4 _bPAR |
| 100 | 1 |
_aParramón, José María. _98307 |
|
| 240 | 1 | 0 |
_aPrimeros pasos en pintura. _lEnglish |
| 245 | 1 | 0 |
_aFirst steps in painting / _cJosé M. Parramón. |
| 260 |
_aNew York : _bWatson-Guptill Publications, _c1991. |
||
| 300 |
_a112 p. : _bcol. ill. ; _c26 cm. |
||
| 440 | 0 |
_aWatson-Guptill artists library _98308 |
|
| 500 | _aTranslation of: Primeros pasos en pintura. | ||
| 650 | 0 |
_aPainting _xTechnique. _97853 |
|
| 906 |
_a7 _bcbc _corignew _d1 _eocip _f19 _gy-gencatlg |
||
| 942 |
_2ddc _cBK |
||